004160000a22001090004500090001700000245011400017041001300131100002600144942001300170773010600183999001700289 aASbSeriadas10aIntrageneric relationships of mainland Eleutherodactylus II. A review of the Eleutherodactylus sulcatus group0 aInglés1 aLynch, John D.992907 cARTICULO1 tRevista de la Academia Colombiana de Ciencias Exactas, Fisicas y Naturales332h80q353-372d1997g21 c14186d14186